[Event "II Festival il Mare d'Inverno A"]
[Site "Gabicce Mare ITA"]
[Date "2013.01.04"]
[Round "5"]
[White "Dionigi, Riccardo"]
[Black "Bisi, Samuele"]
[WhiteElo "1910"]
[BlackElo "2054"]
[Result "1/2-1/2"]
[PlyCount "90"]
[EventDate "2013.01.02"]

1. d4 Nf6 2. c4 e6 3. Nf3 c5 4. d5 b5 5. Bg5 exd5 6. cxd5 d6 7. e4 a6 8. Bd3
Be7 9. a4 O-O 10. axb5 Nxe4 11. Bxe4 Bxg5 12. Nxg5 Qxg5 13. O-O f5 14. Bf3 Nd7
15. Be2 f4 16. f3 Rf6 17. Rf2 Ne5 18. Nc3 Rh6 19. Ne4 Qh4 20. g3 fxg3 21. Nxg3
Rg6 22. bxa6 Bh3 23. Bf1 Rxg3+ 24. hxg3 Qxg3+ 25. Bg2 Rf8 26. Qf1 Bf5 27. Ra3
c4 28. f4 Nd3 29. Rf3 Qg6 30. a7 Ra8 31. Rf2 Qf6 32. Qe2 Qd4 33. Kf1 Nxf4 34.
Qd2 Bd3+ 35. Kg1 Ne2+ 36. Kf1 Nf4+ 37. Kg1 Ne2+ 38. Kf1 Ng3+ 39. Kg1 Ne2+ 40.
Kf1 Nc3+ 41. Kg1 Nb1 42. Qb4 Rf8 43. a8=Q Qxf2+ 44. Kh1 Qh4+ 45. Kg1 Qf2+
1/2-1/2

[Event "II Festival il Mare d'Inverno A"]
[Site "Gabicce Mare ITA"]
[Date "2013.01.04"]
[Round "5"]
[White "Ferraguti, Francesco"]
[Black "Mondal, Prince"]
[WhiteElo "1925"]
[BlackElo "1938"]
[Result "1/2-1/2"]
[PlyCount "59"]
[EventDate "2013.01.02"]

1. d4 Nf6 2. c4 c5 3. d5 e6 4. Nc3 exd5 5. cxd5 d6 6. e4 g6 7. Nge2 Bg7 8. Ng3
a6 9. a4 O-O 10. Be2 Re8 11. O-O Nbd7 12. Be3 Ne5 13. h3 h5 14. f4 Ned7 15. Bd3
Rb8 16. a5 h4 17. Nh1 b5 18. axb6 Nxb6 19. Nf2 Nbxd5 20. exd5 Rxe3 21. Qd2 Re8
22. Bxa6 Qb6 23. Bxc8 Rexc8 24. Rab1 Re8 25. Kh2 Bh6 26. Ng4 Bg7 27. f5 Nxg4+
28. hxg4 Re5 29. f6 Bf8 30. g5 1/2-1/2

[Event "II Festival il Mare d'Inverno A"]
[Site "Gabicce Mare ITA"]
[Date "2014.05.27"]
[Round "5"]
[White "Formento, Paolo"]
[Black "Fronzi, Ettore"]
[WhiteElo "2184"]
[BlackElo "1925"]
[Result "1-0"]
[PlyCount "141"]
[EventDate "2013.01.02"]

1. e4 e6 2. d4 d5 3. Nd2 dxe4 4. Nxe4 Bd7 5. Nf3 Bc6 6. Bd3 Nd7 7. Qe2 Ngf6 8.
Nxf6+ Nxf6 9. Bd2 Be7 10. c3 Bxf3 11. Qxf3 c6 12. O-O O-O 13. Rfe1 Qd5 14. Qh3
Qh5 15. Qg3 Qd5 16. Bc2 Rfd8 17. Re5 Qd7 18. Bh6 g6 19. Qf3 Ne8 20. Bb3 Bf6 21.
Re4 Qe7 22. Rae1 Nc7 23. Qg3 Rd7 24. h4 Bg7 25. Bg5 Qf8 26. h5 Re8 27. Qh3 Nd5
28. Qh4 f6 29. hxg6 hxg6 30. Bc1 Qf7 31. Qh3 f5 32. R4e2 Bf6 33. Bc2 Rde7 34.
g4 Qh7 35. Qg3 Qh4 36. Qxh4 Bxh4 37. g5 b5 38. Kg2 Kg7 39. Rh1 Rh8 40. Bb3 Rh5
41. Bxd5 cxd5 42. f4 Kf7 43. Re3 Re8 44. Reh3 Reh8 45. Bd2 Kg7 46. Kf3 Kf7 47.
b3 Ke7 48. a4 bxa4 49. bxa4 Kd7 50. Rb1 Kc7 51. Rhh1 Rb8 52. a5 Rxb1 53. Rxb1
Rh7 54. a6 Kc8 55. Kg2 Rf7 56. Rh1 Bxg5 57. fxg5 Kc7 58. Rb1 Kc6 59. Rb8 Rg7
60. Bf4 Rh7 61. Re8 Rh4 62. Rxe6+ Kd7 63. Rd6+ Ke7 64. Bg3 Rg4 65. Rxg6 f4 66.
Rg7+ Ke6 67. g6 Rxg3+ 68. Kf2 Kf6 69. Rxa7 Kxg6 70. Ra8 Rxc3 71. a7 1-0

[Event "II Festival il Mare d'Inverno A"]
[Site "Gabicce Mare ITA"]
[Date "2013.01.04"]
[Round "5"]
[White "Guglielmi, Dante"]
[Black "Cavatorta, Fosco"]
[WhiteElo "1917"]
[BlackElo "1930"]
[Result "0-1"]
[PlyCount "120"]
[EventDate "2013.01.02"]

1. c4 d6 2. Nc3 e5 3. g3 f5 4. Bg2 Nf6 5. e3 Be7 6. Nge2 c6 7. O-O O-O 8. d4
Qe8 9. b4 Qf7 10. d5 e4 11. f3 cxd5 12. cxd5 exf3 13. Bxf3 Nbd7 14. e4 Ne5 15.
Bg2 Bd8 16. exf5 Bb6+ 17. Kh1 Nfg4 18. Nd4 Qh5 19. h3 Nf2+ 20. Rxf2 Qxd1+ 21.
Nxd1 Bxd4 22. Bb2 Bxf2 23. Nxf2 Bxf5 24. Bxe5 dxe5 25. d6 Rab8 26. g4 Bg6 27.
Kg1 Rf4 28. Re1 Rxb4 29. Rxe5 Rd4 30. Re7 Rxd6 31. Bxb7 Kf8 32. Rc7 Be8 33. Be4
Rd7 34. Rc5 Re7 35. Ra5 Rb2 36. Bf3 Bf7 37. a3 Ra2 38. Ne4 Rc7 39. Nc5 Rc2 40.
Ne4 Rb7 41. Nd2 Rbb2 42. Nf1 Rc3 43. Be4 Ra2 44. Rxa7 Raxa3 45. Rxa3 Rxa3 46.
Kh2 Bc4 47. Ng3 Ra2+ 48. Kg1 g6 49. h4 Kg7 50. h5 Kf6 51. hxg6 hxg6 52. Nh1 Be6
53. Nf2 Kg5 54. Kf1 Bc4+ 55. Kg1 Bf7 56. Kf1 Kf4 57. Bc6 Bc4+ 58. Kg2 g5 59.
Bd7 Bd5+ 60. Kf1 Kf3 0-1

[Event "II Festival il Mare d'Inverno A"]
[Site "Gabicce Mare ITA"]
[Date "2013.01.04"]
[Round "5"]
[White "Guzzetti, Luigi Enrico"]
[Black "Dobboletta, Alex"]
[WhiteElo "1917"]
[BlackElo "1976"]
[Result "0-1"]
[PlyCount "76"]
[EventDate "2013.01.02"]

1. e4 c5 2. Nf3 d6 3. d4 cxd4 4. Nxd4 Nf6 5. Nc3 e6 6. Be2 a6 7. Be3 Nbd7 8.
O-O Qc7 9. Qd2 b5 10. a3 Bb7 11. f3 Be7 12. Rfd1 d5 13. exd5 Nxd5 14. Nxd5 Bxd5
15. Nf5 Bf6 16. c4 bxc4 17. Bxc4 Nb6 18. Bxd5 Nxd5 19. Bf2 O-O 20. Ne3 Nxe3 21.
Bxe3 Rfd8 22. Qf2 Qe5 23. Rxd8+ Rxd8 24. Rb1 Rd3 25. Ba7 Qd5 26. h3 Rd2 27. Qf1
Qg5 28. b3 Be5 29. Rd1 Rc2 30. Bf2 g6 31. Qd3 Rc1 32. b4 Kg7 33. h4 Qf5 34. Qe2
Rc2 35. Rd2 Rc3 36. a4 Bf6 37. Bd4 Rc1+ 38. Rd1 Bxd4+ 0-1

[Event "II Festival il Mare d'Inverno A"]
[Site "Gabicce Mare ITA"]
[Date "2013.01.04"]
[Round "5"]
[White "Marsili, Riccardo"]
[Black "Lantini, Marco"]
[WhiteElo "2100"]
[BlackElo "2186"]
[Result "1/2-1/2"]
[PlyCount "40"]
[EventDate "2013.01.02"]

1. c4 e6 2. g3 Nf6 3. Bg2 d5 4. Nf3 Be7 5. b3 c5 6. O-O Nc6 7. Bb2 O-O 8. d3 b6
9. Nbd2 Bb7 10. Ne5 Nxe5 11. Bxe5 Nd7 12. Bb2 Bf6 13. Qc2 Rb8 14. e3 dxc4 15.
Nxc4 Bxg2 16. Kxg2 Bxb2 17. Qxb2 Qg5 18. Rfd1 Rbd8 19. Qe2 Qd5+ 20. Qf3 Nf6
1/2-1/2

[Event "II Festival il Mare d'Inverno A"]
[Site "Gabicce Mare ITA"]
[Date "2013.01.04"]
[Round "5"]
[White "Miracola, Massimiliano"]
[Black "Santeramo, Alessia Carmen"]
[WhiteElo "2143"]
[BlackElo "1893"]
[Result "1-0"]
[PlyCount "99"]
[EventDate "2013.01.02"]

1. e4 c5 2. Nf3 e6 3. d4 cxd4 4. Nxd4 a6 5. Bd3 Qc7 6. O-O Nf6 7. Qe2 Be7 8. c4
Nc6 9. Nxc6 dxc6 10. Nc3 e5 11. h3 Bc5 12. Bg5 Qe7 13. Rac1 h6 14. Be3 Bxe3 15.
Qxe3 O-O 16. Be2 Rd8 17. Rcd1 Rxd1 18. Rxd1 Be6 19. Qb6 Ne8 20. b3 Qc7 21. Qb4
a5 22. Qc5 b6 23. Qe3 Rd8 24. Rxd8 Qxd8 25. Na4 c5 26. Qd3 Qc7 27. Bg4 Bxg4 28.
hxg4 Nd6 29. Qd5 Nc8 30. Nc3 Kh7 31. g3 Qe7 32. Qc6 Qg5 33. Qxc8 Qc1+ 34. Kg2
Qxc3 35. Qc7 f6 36. Qxb6 Qc2 37. Qxc5 Qxe4+ 38. f3 Qd3 39. Qf2 a4 40. c5 axb3
41. axb3 Qxb3 42. Qe2 Qc3 43. Qe4+ Kh8 44. c6 Qd2+ 45. Kh3 Qc1 46. f4 exf4 47.
gxf4 Qf1+ 48. Kh4 g5+ 49. Kh5 Qa6 50. Kxh6 1-0

[Event "II Festival il Mare d'Inverno A"]
[Site "Gabicce Mare ITA"]
[Date "2014.05.27"]
[Round "5"]
[White "Petkov, Vladimir"]
[Black "Drazic, Sinisa"]
[WhiteElo "2564"]
[BlackElo "2471"]
[Result "1-0"]
[PlyCount "133"]
[EventDate "2013.01.02"]

1. d4 d5 2. c4 dxc4 3. e4 Nf6 4. e5 Nd5 5. Bxc4 Nb6 6. Bd3 Nc6 7. Ne2 e6 8.
Nbc3 Nb4 9. Be4 Be7 10. O-O f5 11. exf6 Bxf6 12. a3 N4d5 13. Qd3 g6 14. Bh6 c6
15. Rfe1 Kf7 16. Rad1 Bd7 17. Qf3 Re8 18. Bc2 Kg8 19. Ne4 Bg7 20. Bxg7 Kxg7 21.
Qg3 Rf8 22. Bb3 Qb8 23. Nc5 Bc8 24. Nc3 Qxg3 25. hxg3 Re8 26. N3e4 Re7 27. Nd6
Rb8 28. Re2 Nc7 29. Rde1 Nb5 30. Nxb5 cxb5 31. d5 Rc7 32. Nxe6+ Bxe6 33. Rxe6
Rd7 34. Re7+ Kf8 35. d6 Rbd8 36. R1e4 Nc4 37. Rf4+ Kg8 38. Bxc4+ bxc4 39. Rxc4
b5 40. Rc7 Rxe7 41. dxe7 Rd1+ 42. Kh2 Kf7 43. Rxa7 Rd2 44. b4 Rxf2 45. Rb7 Ra2
46. Rxb5 Rxa3 47. Re5 Ke8 48. g4 Rb3 49. Re4 g5 50. Kg1 Rb2 51. Kf1 h6 52. g3
Rc2 53. Ke1 Rg2 54. Kd1 Rxg3 55. Kc2 Ra3 56. b5 Ra5 57. b6 Rb5 58. Re6 Rb4 59.
Kc3 Rb5 60. Kc4 Rb1 61. Kc5 Rc1+ 62. Kb5 Rb1+ 63. Ka6 Ra1+ 64. Kb7 Ra4 65. Kc7
Rc4+ 66. Rc6 Rxg4 67. b7 1-0

[Event "II Festival il Mare d'Inverno A"]
[Site "Gabicce Mare ITA"]
[Date "2013.01.04"]
[Round "5"]
[White "Ruck, Robert"]
[Black "Altini, Nicola"]
[WhiteElo "2571"]
[BlackElo "2343"]
[Result "1-0"]
[PlyCount "72"]
[EventDate "2013.01.02"]

1. Nf3 d5 2. d4 Nf6 3. c4 c6 4. Nc3 dxc4 5. a4 Bf5 6. Ne5 Nbd7 7. Nxc4 Nb6 8.
Ne5 a5 9. e3 g6 10. Bd3 Bxd3 11. Nxd3 Bg7 12. Qb3 O-O 13. O-O Nfd7 14. Ne2 e5
15. Nxe5 Nxe5 16. dxe5 Bxe5 17. e4 Qc7 18. Be3 Nd7 19. f4 Bg7 20. e5 Kh8 21.
Rad1 Rae8 22. Rd2 Re7 23. Rfd1 Rfe8 24. Bf2 f6 25. e6 Nf8 26. Bb6 Qc8 27. f5
gxf5 28. Nd4 c5 29. Nxf5 Qxe6 30. Qxe6 Rxe6 31. Bxa5 Ra8 32. Bc7 Ng6 33. Rd8+
Re8 34. Rxe8+ Rxe8 35. Rd7 Bf8 36. Bd8 Nf4 1-0

[Event "II Festival il Mare d'Inverno A"]
[Site "Gabicce Mare ITA"]
[Date "2013.01.04"]
[Round "5"]
[White "Sanguinetti, Edoardo"]
[Black "Capaliku, Aleks"]
[WhiteElo "1986"]
[BlackElo "2137"]
[Result "0-1"]
[PlyCount "70"]
[EventDate "2013.01.02"]

1. e4 c5 2. Nc3 Nc6 3. g3 Nf6 4. Bg2 d6 5. d3 h6 6. f4 Bg4 7. Nf3 Nd4 8. h3 Bd7
9. Be3 Qb6 10. Rb1 e5 11. O-O Bc6 12. fxe5 Nxf3+ 13. Qxf3 dxe5 14. Nd5 Bxd5 15.
exd5 Bd6 16. c4 Qc7 17. Rbe1 O-O-O 18. g4 Rdf8 19. Rc1 b6 20. a4 a5 21. Bd2 Ne8
22. Bc3 g6 23. Qe4 Qe7 24. Rce1 Nf6 25. Qe2 Nd7 26. Be4 h5 27. Bd2 hxg4 28.
hxg4 f5 29. Bg2 Qh4 30. Rf2 e4 31. dxe4 Bh2+ 32. Kf1 fxe4 33. Qe3 Rxf2+ 34.
Qxf2 Rf8 35. Qxf8+ Nxf8 0-1

[Event "II Festival il Mare d'Inverno A"]
[Site "Gabicce Mare ITA"]
[Date "2013.01.04"]
[Round "5"]
[White "Szabo, Bence"]
[Black "Bae, Torstein"]
[WhiteElo "2366"]
[BlackElo "2442"]
[Result "1/2-1/2"]
[PlyCount "71"]
[EventDate "2013.01.02"]

1. Nf3 Nf6 2. c4 g6 3. Nc3 d5 4. Qa4+ Bd7 5. Qb3 dxc4 6. Qxc4 Bg7 7. e4 O-O 8.
e5 Be6 9. exf6 Bxc4 10. fxg7 Kxg7 11. Bxc4 Nc6 12. O-O Na5 13. Be2 c5 14. b3 b6
15. Bb2 f6 16. Rad1 e5 17. Ne1 Nc6 18. Nc2 Nd4 19. Ne3 g5 20. Bc4 Kh8 21. Bd5
Rc8 22. g3 Qe8 23. Kg2 Rd8 24. Rh1 f5 25. f3 f4 26. Ng4 h5 27. Nf2 Rxd5 28.
Nxd5 Qf7 29. Bxd4 exd4 30. Nxf4 gxf4 31. g4 Re8 32. Rhe1 hxg4 33. Nxg4 d3 34.
Kf2 a6 35. Rxe8+ Qxe8 36. Re1 1/2-1/2

[Event "II Festival il Mare d'Inverno A"]
[Site "Gabicce Mare ITA"]
[Date "2013.01.04"]
[Round "5"]
[White "Tazzioli, Luca"]
[Black "Buratti, Marco"]
[WhiteElo "1933"]
[BlackElo "1991"]
[Result "1-0"]
[PlyCount "61"]
[EventDate "2013.01.02"]

1. e4 e5 2. Nf3 Nc6 3. Bb5 Qe7 4. O-O Nd8 5. d4 c6 6. Bc4 d6 7. Qd3 Bg4 8. c3
Qc7 9. Nbd2 Ne7 10. Bb3 Ng6 11. Nc4 b5 12. Na3 a6 13. h3 Bd7 14. Qd1 Be7 15.
Nc2 O-O 16. a4 Ne6 17. Kh1 Kh8 18. Ne3 Nef4 19. Nf5 Bf6 20. Be3 Be6 21. Qc2 c5
22. dxc5 dxc5 23. c4 b4 24. Rfd1 Rfd8 25. Ne1 Qc6 26. a5 Bxf5 27. exf5 Nxg2 28.
Nxg2 Nh4 29. Rd5 Nf3 30. Qe4 Nd4 31. Rxd4 1-0

[Event "II Festival il Mare d'Inverno A"]
[Site "Gabicce Mare ITA"]
[Date "2013.01.04"]
[Round "5"]
[White "Vesce, Emanuele"]
[Black "Moroni, Luca jr"]
[WhiteElo "1891"]
[BlackElo "2161"]
[Result "0-1"]
[PlyCount "76"]
[EventDate "2013.01.02"]

1. e4 c5 2. Nf3 d6 3. d4 Nf6 4. Nc3 cxd4 5. Nxd4 a6 6. Bg5 e6 7. f4 Be7 8. Qf3
Qc7 9. O-O-O Nbd7 10. g4 h6 11. Bxf6 Bxf6 12. h4 Qb6 13. Nb3 Be7 14. Bg2 Nc5
15. Nxc5 Qxc5 16. Ne2 Bd7 17. Rd3 Qa5 18. Ra3 Qb6 19. Rb3 Qa7 20. Kb1 O-O-O 21.
e5 d5 22. c4 Bc6 23. cxd5 Bxd5 24. Qc3+ Kb8 25. Bxd5 Rxd5 26. Qc2 Rc8 27. Rc3
Rxc3 28. Nxc3 Rd8 29. Rd1 Bxh4 30. Ne4 Rxd1+ 31. Qxd1 Qe3 32. Qd6+ Ka7 33. Nc5
Bf2 34. Nd7 Qe4+ 35. Kc1 Qxf4+ 36. Kc2 Qc4+ 37. Kb1 Qe4+ 38. Kc1 Be3+ 0-1

[Event "II Festival il Mare d'Inverno A"]
[Site "Gabicce Mare ITA"]
[Date "2013.01.05"]
[Round "6"]
[White "Altini, Nicola"]
[Black "Drazic, Sinisa"]
[WhiteElo "2343"]
[BlackElo "2471"]
[Result "1/2-1/2"]
[PlyCount "94"]
[EventDate "2013.01.02"]

1. d4 d5 2. c4 e6 3. Nf3 a6 4. cxd5 exd5 5. Nc3 c6 6. Bf4 Bd6 7. Bxd6 Qxd6 8.
Qc2 Ne7 9. e3 Bf5 10. Bd3 Bxd3 11. Qxd3 Nd7 12. O-O O-O 13. Ne2 Qf6 14. Ng3 g6
15. Rac1 Rad8 16. Qb3 Rb8 17. Qd3 Rfe8 18. Rfe1 Qg7 19. Qa3 Nc8 20. e4 dxe4 21.
Nxe4 Qf8 22. Ne5 Ncb6 23. Nd6 Nxe5 24. dxe5 Re6 25. Qg3 Nd5 26. f4 Rxd6 27.
exd6 Qxd6 28. f5 Qxg3 29. hxg3 g5 30. Re4 Kg7 31. g4 Rd8 32. Rd1 Kf6 33. Rd3 h6
34. a4 a5 35. Kf2 Ra8 36. Rb3 Rb8 37. Re1 Nb4 38. Rd1 Nd5 39. Rc1 Nb4 40. Rd1
Nd5 41. Rc1 Nb4 42. Rc5 Ra8 43. Kg1 Kg7 44. Kf2 Kf6 45. Kg1 Kg7 46. Kf2 Kf6 47.
Kg1 Kg7 1/2-1/2

[Event "II Festival il Mare d'Inverno A"]
[Site "Gabicce Mare ITA"]
[Date "2013.01.05"]
[Round "6"]
[White "Bisi, Samuele"]
[Black "Tazzioli, Luca"]
[WhiteElo "2054"]
[BlackElo "1933"]
[Result "1-0"]
[PlyCount "105"]
[EventDate "2013.01.02"]

1. d4 d5 2. Nf3 Nf6 3. c4 e6 4. Nc3 Be7 5. cxd5 exd5 6. Bg5 h6 7. Bh4 O-O 8. e3
b6 9. Rc1 Bb7 10. Bd3 Nbd7 11. O-O c5 12. dxc5 bxc5 13. Bf5 Nb6 14. h3 a6 15.
Qe2 Ne4 16. Bxe7 Qxe7 17. Rfd1 Rfd8 18. Nd2 Nxd2 19. Rxd2 Nc4 20. Rdd1 Qe5 21.
Bb1 Rab8 22. Ne4 Qe7 23. b3 Nxe3 24. Nxc5 Nf5 25. Qf3 Nd6 26. Nxb7 Qxb7 27.
Qxd5 Qxd5 28. Rxd5 Nb5 29. Rxd8+ Rxd8 30. Bf5 Kf8 31. Rc8 Ke7 32. Rxd8 Kxd8 33.
Bd3 Nc3 34. a3 a5 35. Kf1 Kd7 36. Ke1 f6 37. Kd2 Nd5 38. g3 Kd6 39. Be4 Nc7 40.
b4 axb4 41. axb4 Ke5 42. Kd3 g5 43. Bc6 f5 44. Kc4 h5 45. b5 f4 46. b6 Na6 47.
Kb5 Nb8 48. Bf3 fxg3 49. fxg3 h4 50. gxh4 gxh4 51. b7 Kd6 52. Kb6 Kd7 53. Be2
1-0

[Event "II Festival il Mare d'Inverno A"]
[Site "Gabicce Mare ITA"]
[Date "2013.01.05"]
[Round "6"]
[White "Bodiroga, Predrag"]
[Black "Petkov, Vladimir"]
[WhiteElo "2387"]
[BlackElo "2564"]
[Result "0-1"]
[PlyCount "100"]
[EventDate "2013.01.02"]

1. d4 Nf6 2. c4 Nc6 3. Nf3 e6 4. g3 d5 5. Nbd2 Be7 6. Bg2 O-O 7. O-O a5 8. Qc2
a4 9. Rd1 Nb4 10. Qb1 c5 11. cxd5 exd5 12. Nf1 g6 13. Ne3 Ng4 14. Nxg4 Bxg4 15.
Bh6 Re8 16. Qc1 Rc8 17. Qf4 Bf5 18. dxc5 Bxc5 19. Nd4 Be4 20. Qd2 Qf6 21. Be3
Bxg2 22. Kxg2 Nc6 23. Rac1 Ne5 24. Bg5 Qb6 25. Qf4 Nc4 26. e3 Nxb2 27. Rb1 a3
28. Qf3 Qd6 29. Rh1 Qe5 30. Bf6 Qe4 31. Qxe4 dxe4 32. Nb3 Nd3 33. Nxc5 Rxc5 34.
Rhf1 b5 35. Bd4 Rd5 36. Rfd1 Rc8 37. Rd2 b4 38. g4 Rc4 39. h4 f5 40. f3 exf3+
41. Kg3 f4+ 42. Kxf3 fxe3 43. Bxe3 Ne5+ 44. Ke2 Rxd2+ 45. Bxd2 Nc6 46. h5 Rxg4
47. h6 Kf7 48. Kd3 Ke6 49. Rf1 Kd5 50. Rf8 Rg2 0-1

[Event "II Festival il Mare d'Inverno A"]
[Site "Gabicce Mare ITA"]
[Date "2013.01.05"]
[Round "6"]
[White "Buratti, Marco"]
[Black "Ferraguti, Francesco"]
[WhiteElo "1991"]
[BlackElo "1925"]
[Result "0-1"]
[PlyCount "36"]
[EventDate "2013.01.02"]

1. e4 e5 2. Nc3 Nc6 3. a3 g6 4. Bc4 Bg7 5. d3 Nge7 6. Nge2 O-O 7. h4 h6 8. f4
d6 9. h5 Kh7 10. hxg6+ fxg6 11. Be3 Bg4 12. Qd2 h5 13. O-O-O Nd4 14. Rh4 Nef5
15. Rxg4 Nxe3 16. Qxe3 hxg4 17. Rh1+ Bh6 18. fxe5 Rf1+ 0-1

[Event "II Festival il Mare d'Inverno A"]
[Site "Gabicce Mare ITA"]
[Date "2013.01.05"]
[Round "6"]
[White "Capaliku, Aleks"]
[Black "Pipitone, Antonio"]
[WhiteElo "2137"]
[BlackElo "1920"]
[Result "1-0"]
[PlyCount "63"]
[EventDate "2013.01.02"]

1. b3 e5 2. e4 Nf6 3. d3 d5 4. exd5 Nxd5 5. Bb2 Nc6 6. Nf3 Bd6 7. g3 O-O 8. Bg2
Re8 9. O-O Be6 10. Nbd2 f6 11. d4 exd4 12. Nxd4 Nxd4 13. Bxd4 c6 14. Ne4 Bf5
15. Nxd6 Qxd6 16. Bxa7 Bxc2 17. Qxc2 Rxa7 18. Rad1 Ra5 19. Rd4 Qe5 20. Re4 Qb8
21. Rxe8+ Qxe8 22. Qd2 Qa8 23. Rd1 Rc5 24. a4 Qa5 25. Bxd5+ Rxd5 26. Qxa5 Rxa5
27. Rd8+ Kf7 28. Rd7+ Ke6 29. Rxb7 Rg5 30. f4 Ra5 31. Rxg7 h5 32. Rb7 1-0

[Event "II Festival il Mare d'Inverno A"]
[Site "Gabicce Mare ITA"]
[Date "2013.01.05"]
[Round "6"]
[White "Caprio, Guido"]
[Black "Ruck, Robert"]
[WhiteElo "2409"]
[BlackElo "2571"]
[Result "0-1"]
[PlyCount "26"]
[EventDate "2013.01.02"]

1. Nf3 Nf6 2. c4 c5 3. Nc3 Nc6 4. g3 g6 5. Bg2 d6 6. d4 cxd4 7. Nxd4 Bd7 8. c5
dxc5 9. Nxc6 Bxc6 10. Bxc6+ bxc6 11. Be3 Nd5 12. Qa4 Qd7 13. Bxc5 Nxc3 0-1

[Event "II Festival il Mare d'Inverno A"]
[Site "Gabicce Mare ITA"]
[Date "2013.01.05"]
[Round "6"]
[White "Cavatorta, Fosco"]
[Black "Coronel, Joshua"]
[WhiteElo "1930"]
[BlackElo "1943"]
[Result "0-1"]
[PlyCount "90"]
[EventDate "2013.01.02"]

1. d4 Nf6 2. Nf3 g6 3. Nc3 d5 4. Bf4 Bg7 5. e3 O-O 6. Be2 b6 7. Ne5 Bb7 8. h4
Nbd7 9. h5 Nxe5 10. Bxe5 Ne4 11. Bxg7 Kxg7 12. Nxe4 dxe4 13. Bc4 e6 14. Qg4 Qe7
15. c3 Bd5 16. Bb3 Bxb3 17. axb3 f5 18. Qg3 g5 19. h6+ Kf7 20. Qe5 Rg8 21. d5
Qd6 22. dxe6+ Kg6 23. Qxd6 cxd6 24. O-O-O Rad8 25. e7 Rd7 26. Rd4 Kf6 27. g4
Kxe7 28. gxf5 d5 29. c4 Rgd8 30. Rhd1 Kf6 31. cxd5 Kxf5 32. d6 Kg6 33. Rxe4
Rxd6 34. Rh1 R8d7 35. f4 Rc7+ 36. Kb1 gxf4 37. Rxf4 Rd5 38. e4 Re5 39. Rfh4
Rce7 40. Re1 Kg5 41. Reh1 Rxe4 42. Rh5+ Kg6 43. R5h2 Re1+ 44. Ka2 Rxh1 45. Rxh1
Re5 0-1

[Event "II Festival il Mare d'Inverno A"]
[Site "Gabicce Mare ITA"]
[Date "2013.01.05"]
[Round "6"]
[White "Dionigi, Riccardo"]
[Black "Marsili, Riccardo"]
[WhiteElo "1910"]
[BlackElo "2100"]
[Result "1-0"]
[PlyCount "53"]
[EventDate "2013.01.02"]

1. d4 Nf6 2. c4 g6 3. f3 Bg7 4. e4 O-O 5. Nc3 c5 6. d5 d6 7. Nge2 e6 8. Ng3
exd5 9. cxd5 Nbd7 10. Be2 a6 11. a4 b6 12. O-O Qc7 13. Be3 Rb8 14. f4 Re8 15.
Qd2 c4 16. e5 dxe5 17. f5 b5 18. axb5 axb5 19. Ra7 Qd6 20. Nge4 Qb4 21. fxg6
hxg6 22. Nxf6+ Nxf6 23. Rxf6 Bxf6 24. Ne4 Be7 25. Nf6+ Kh8 26. Qxb4 Bxb4 27.
Nxe8 1-0

[Event "II Festival il Mare d'Inverno A"]
[Site "Gabicce Mare ITA"]
[Date "2013.01.05"]
[Round "6"]
[White "Formento, Paolo"]
[Black "Brancaleoni, Maurizio"]
[WhiteElo "2184"]
[BlackElo "2235"]
[Result "1/2-1/2"]
[PlyCount "112"]
[EventDate "2013.01.02"]

1. e4 c6 2. d4 d5 3. Nc3 dxe4 4. Nxe4 Bf5 5. Ng3 Bg6 6. Nh3 e6 7. Nf4 Qc7 8.
Be3 Nf6 9. Nxg6 hxg6 10. Qf3 Nbd7 11. O-O-O O-O-O 12. Be2 Qa5 13. Kb1 Qd5 14.
c4 Qxf3 15. Bxf3 Be7 16. Ne2 e5 17. Nc3 exd4 18. Bxd4 Bc5 19. Bxc5 Nxc5 20. h3
Ne6 21. g3 Nd4 22. Bg2 Rhe8 23. Rhe1 Rxe1 24. Rxe1 Ne6 25. b3 Kc7 26. Rd1 Rxd1+
27. Nxd1 Kd6 28. Kc2 a5 29. Nc3 g5 30. Kd3 Nc5+ 31. Ke3 Ke5 32. Ne2 Nfd7 33.
Nd4 g6 34. Bxc6 bxc6 35. Nxc6+ Kd6 36. Nxa5 Ne6 37. b4 Ne5 38. f4 gxf4+ 39.
gxf4 Nd7 40. Nb3 Nf6 41. Nd4 Nxd4 42. Kxd4 Nh5 43. c5+ Ke6 44. a4 Nxf4 45. a5
Nd5 46. b5 Nc7 47. b6 Na6 48. c6 Kd6 49. c7 Nxc7 50. bxc7 Kxc7 51. Ke5 f5 52.
h4 Kb7 53. h5 gxh5 54. Kxf5 h4 55. Kg4 Ka6 56. Kxh4 Kxa5 1/2-1/2

[Event "II Festival il Mare d'Inverno A"]
[Site "Gabicce Mare ITA"]
[Date "2013.01.05"]
[Round "6"]
[White "Fronzi, Ettore"]
[Black "Rago, Riccardo"]
[WhiteElo "1925"]
[BlackElo "2061"]
[Result "0-1"]
[PlyCount "40"]
[EventDate "2013.01.02"]

1. d4 d5 2. c4 c6 3. Nf3 Nf6 4. Nc3 e6 5. e3 Nbd7 6. Qc2 Bd6 7. b3 O-O 8. Be2
e5 9. dxe5 Nxe5 10. cxd5 cxd5 11. Bb2 Nxf3+ 12. Bxf3 d4 13. exd4 Re8+ 14. Ne2
Bb4+ 15. Kf1 Qa5 16. Ng3 Bd7 17. a3 Rac8 18. Qd1 Re1+ 19. Qxe1 Bxe1 20. Rxe1
Qd2 0-1

[Event "II Festival il Mare d'Inverno A"]
[Site "Gabicce Mare ITA"]
[Date "2013.01.05"]
[Round "6"]
[White "Guglielmi, Dante"]
[Black "Guzzetti, Luigi Enrico"]
[WhiteElo "1917"]
[BlackElo "1917"]
[Result "1-0"]
[PlyCount "51"]
[EventDate "2013.01.02"]

1. c4 Nf6 2. Nc3 g6 3. g3 Bg7 4. Bg2 O-O 5. e3 c5 6. Nge2 Nc6 7. O-O e6 8. d4
cxd4 9. exd4 d5 10. cxd5 Nxd5 11. Nxd5 exd5 12. Be3 Bg4 13. Re1 Qd7 14. Qd2
Bxe2 15. Rxe2 Rfe8 16. Rc1 b6 17. Ree1 Rac8 18. Qd3 Na5 19. b3 Bf8 20. Rxc8
Rxc8 21. Rc1 Rxc1+ 22. Bxc1 Bg7 23. Be3 Qc6 24. Qa6 Qc3 25. Qxa7 Bxd4 26. Bxd5
1-0

[Event "II Festival il Mare d'Inverno A"]
[Site "Gabicce Mare ITA"]
[Date "2013.01.05"]
[Round "6"]
[White "Lantini, Marco"]
[Black "Vesce, Emanuele"]
[WhiteElo "2186"]
[BlackElo "1891"]
[Result "1/2-1/2"]
[PlyCount "48"]
[EventDate "2013.01.02"]

1. d4 Nf6 2. c4 g6 3. Nc3 d5 4. cxd5 Nxd5 5. Bd2 Bg7 6. e4 Nb6 7. Be3 O-O 8.
Qd2 Nc6 9. Rd1 Re8 10. Bb5 Bd7 11. Nf3 Na5 12. b3 Bxb5 13. Nxb5 Nc6 14. O-O a6
15. Na3 e5 16. d5 Nd4 17. Bxd4 exd4 18. Rfe1 f5 19. exf5 Qxd5 20. fxg6 hxg6 21.
Qd3 Kh7 22. h4 Bf6 23. Ng5+ Bxg5 24. hxg5 c5 1/2-1/2

[Event "II Festival il Mare d'Inverno A"]
[Site "Gabicce Mare ITA"]
[Date "2013.01.05"]
[Round "6"]
[White "Lucchi, Lorenzo"]
[Black "Dobboletta, Alex"]
[WhiteElo "2101"]
[BlackElo "1976"]
[Result "1-0"]
[PlyCount "47"]
[EventDate "2013.01.02"]

1. b3 Nf6 2. Bb2 e6 3. Nf3 Be7 4. d4 O-O 5. Nbd2 c5 6. dxc5 Bxc5 7. e3 d5 8.
Bd3 Nc6 9. a3 Re8 10. e4 e5 11. b4 Bb6 12. O-O Bg4 13. h3 Bh5 14. Re1 Nd4 15.
g4 dxe4 16. Nxe4 Nxe4 17. Rxe4 Bg6 18. Rxe5 Rxe5 19. Nxe5 Qd5 20. Nxg6 fxg6 21.
c4 Nf3+ 22. Kf1 Qc6 23. b5 Qc7 24. Qxf3 1-0

[Event "II Festival il Mare d'Inverno A"]
[Site "Gabicce Mare ITA"]
[Date "2013.01.05"]
[Round "6"]
[White "Miracola, Massimiliano"]
[Black "Altini, Daniele"]
[WhiteElo "2143"]
[BlackElo "2283"]
[Result "1/2-1/2"]
[PlyCount "57"]
[EventDate "2013.01.02"]

1. e4 c5 2. Nf3 e6 3. d4 cxd4 4. Nxd4 Nc6 5. Nc3 d6 6. Be3 Nf6 7. f3 Be7 8. Qd2
a6 9. O-O-O O-O 10. g4 Nxd4 11. Bxd4 b5 12. g5 Nd7 13. h4 Bb7 14. Rg1 b4 15.
Na4 d5 16. exd5 Bxd5 17. f4 Bc6 18. b3 Bxa4 19. bxa4 Bc5 20. Bc4 Qb6 21. Qf2
Bxd4 22. Qxd4 Nc5 23. Bb3 Rad8 24. Qe5 Qc6 25. h5 Nd3+ 26. Rxd3 Rxd3 27. g6
hxg6 28. hxg6 Rd5 29. Bxd5 1/2-1/2